Toutes les stations du métro de Marseille - Statistiques

Statistiques générales
  • Ce quiz a été pris 74 fois
  • Le résultat moyen est 19 sur 31
Statistiques - réponses
Réponse % Correct
Saint-Charles
90%
Saint-Charles
90%
Castellane
86%
Castellane
86%
Rond-Point du Prado
80%
Vieux-Port
78%
La Rose
76%
Noailles
69%
Périer
69%
Saint-Marguerite Dromel
69%
Gèze
65%
Joliette
65%
Baille
63%
Bougainville
63%
La Fourragère
63%
La Timone
63%
Notre-Dame du Mont
61%
Estrangin
59%
Saint Just
59%
Colbert
55%
Malpassé
51%
La Blancarde
49%
Réformés Canebière
49%
Cinq Avenues Longchamp
47%
Chartreux
45%
Frais Vallon
43%
Louis Armand
43%
Saint-Barnabé
43%
Désirée Clary
37%
National
37%
Jules Guesdes
29%
Aucun quiz correspondant
Distribution des résultats
% des personnes avec chaque résultat
Percentile par nombre de réponses
Votre historique - résultats
Vous n’avez pas pris ce quiz